| 000 | 00530nmm a2200193Ia 4500 | ||
|---|---|---|---|
| 008 | 251105s9999||||xx |||||||||||||||||und|| | ||
| 020 | _a9788415937807 | ||
| 041 | _aspa | ||
| 100 | _aDickner, Nicolas | ||
| 245 | 0 | _aApocalipsis para principiantes | |
| 264 |
_a[Madrid, España] : _bSiruela, _c2014 |
||
| 300 | _a184 páginas | ||
| 490 | _aNuevos tiempos | ||
| 650 | _aOther narratives | ||
| 700 | _aDickner, Nicolas | ||
| 700 | 1 | _a Feliú, Luisa | |
| 856 | _uhttps://public.digitaliapublishing.com/a/31805 | ||
| 942 | _cCF | ||
| 999 |
_c64771 _d64771 |
||